00839nam a2200217 i 450000100060000000300090000600500170001500700030003200800410003510000330007624501590010926000540026830000220032270000260034474000270037074000220039774000330041985200310045299900170048395201210050042968ES-MaACL20230906160718.0t|030314s1961 sp ||||1| spa d1 aCastro, Guillén de.93685810aComedias selectas b: . Las Mocedades del Cid ; El Conde Alarcos. Los mal Casados de Valencia / cGuillén de Castro ; prólogo y notas de Luis Guarner. aBarcelona : b[s.n., c1961] (fGráf. Diamante) a233 p. ; c19 cm.1 aGuarner, Luis.9603414 aLas Mocedades del Cid.3 aEl Conde Alarcos.4 aLos mal casados de Valencia. aES-MaACLjE-2422 bR.47836 c42968d42968 00104070aATENEOMbATENEOMcDEPO2d2008-01-17eSCl0oE-2422p1045226r2023-02-23 00:00:00w2023-02-23yMONOGRAFIA